[Event "Schleswig Holstein-ch U16 VM-A"]
[Site "Neumuenster"]
[Date "2005.03.20"]
[Round "3"]
[White "Liepert, Martin"]
[Black "Prosch, Florian"]
[Result "0-1"]
[WhiteElo "1304"]
[BlackElo "1253"]
[PlyCount "75"]
[EventDate "2005.03.19"]
[EventType "swiss"]
[EventRounds "9"]
[EventCountry "GER"]
[SourceTitle "EXT 2007"]
[Source "ChessBase"]
[SourceDate "2006.11.23"]
[SourceVersion "1"]
[SourceVersionDate "2006.11.23"]
[SourceQuality "1"]

1. e4 d5 2. exd5 Qxd5 3. Nc3 Qa5 4. Nf3 Nf6 5. Bb5+ c6 6. Ba4 Bg4 7. Bb3 e6 8. Qe2 Nbd7 9. d4 Be7 10. Bd2 e5 11. Nd5 Qd8 12. Nxf6+ Bxf6 13. c3 0-0 14. Qe4 Bh5 15. Nxe5 Nxe5 16. dxe5 Bxe5 17. Be3 Re8 18. Qc2 Bf4 19. Qd2 Qg5 20. 0-0 Bxe3 21. fxe3 Rxe3 22. Rad1 Bxd1 23. Rxd1 Rae8 24. a3 Qe5 25. Kf1 Re2 26. Qxe2 Qxe2+ 27. Kg1 Qxd1+ 28. Bxd1 Re1+ 29. Kf2 Rxd1 30. Ke2 Rd5 31. c4 Rd4 32. b3 b5 33. c5 a5 34. Ke3 Rd8 35. h3 g5 36. g3 Rd5 37. b4 axb4 38. axb4 0-1